Project study : road construction / (Record no. 2080)
| 000 -LEADER | |
|---|---|
| fixed length control field | 00332nam a22001217a 4500 |
| 082 ## - DEWEY DECIMAL CLASSIFICATION NUMBER | |
| Classification number | 625.7 |
| Item number | Sa197 1986 |
| 100 ## - MAIN ENTRY--AUTHOR NAME | |
| Personal name | Sanares, Romeo A. |
| 245 ## - TITLE STATEMENT | |
| Title | Project study : road construction / |
| 260 ## - PUBLICATION, DISTRIBUTION, ETC. (IMPRINT) | |
| Place of publication | Quezon City : |
| Name of publisher | Merchandising, c1986. |
| Year of publication | c1986. |
| 300 ## - PHYSICAL DESCRIPTION | |
| Number of Pages | vi, 1989 pages ; |
| Other physical details | 23 cm. |
| 650 ## - SUBJECT ADDED ENTRY--TOPICAL TERM | |
| Topical Term | Road construction. |
| 942 ## - ADDED ENTRY ELEMENTS (KOHA) | |
| Koha item type | Books |
| Source of acquisition | Permanent Location | Date acquired | Koha item type | Collection code | Accession Number | Lost status | Shelving location | Withdrawn status | Current Location | Full call number |
|---|---|---|---|---|---|---|---|---|---|---|
| School | Cagayan State University - Carig Library | 2014-12-08 | Books | Applied Sciences | 005273 | General Collection | Cagayan State University - Carig Library | 625.7 Sa197 1986 |